000 00401nam a22001577a 4500
020 _a9780195339901
040 _cNUST
082 _a621.3815 SED
100 _aSedra, Adel S
110 _aSmith, Kenneth C
245 _aMicroelectronic Circuits
250 _a5th Edition
260 _aNew York:
_bOxford University Press,
_c2004.
650 _aMicroelectronic Circuits
_991903
942 _2ddc
_cBK
999 _c595600
_d595600